000 00520nam a2200217Ia 4500
003 OSt
005 20221007082309.0
006 a|||||r|||| 00| 0
007 ta
008 221006b |||||||| |||| 00| 0 eng d
024 _a20,956
037 _cTextual
040 _aFLL
_cFLL
_beng
041 _2eng
_aeng
082 _aZ2:853, L3.1
100 _aBindra N.S.
245 0 _aPleadings and practice
260 _c1973
942 _hZ2:853, L3.1
_cTEXL
_2CC
999 _c1165966
_d1165966